Top 15 Safest Countries in The World - Statistics

General Stats
  • This quiz has been taken 198 times
  • The average score is 11 of 15
Answer Stats
Score (The lower the better) Country % Correct
1.072 Iceland
90%
1.316 Denmark
89%
1.488 Finland
89%
1.327 Canada
87%
1.221 New Zealand
86%
1.419 Australia
85%
1.375 Switzerland
83%
1.369 Japan
80%
1.291 Austria
77%
1.390 Ireland
68%
1.347 Singapore
65%
1.274 Portugal
60%
1.383 Czech Republic
46%
1.355 Slovenia
41%
1.506 Bhutan
23%
No matching quizzes found
Score Distribution
Percent of People with Each Score
Percentile by Number Answered
Your Score History
You have not taken this quiz